Mapa sonoro de Valdivia
Uloženo v:
| Hlavní autoři: | , |
|---|---|
| Médium: | Kniha |
| Jazyk: | španělština |
| Vydáno: |
Valdivia
Universidad Austral de Chile
2015
Valdivia Ministerio del Medio Ambiente 2015 |
| Vydání: | 1a. ed |
| Témata: | |
| Tagy: |
Přidat tag
Žádné tagy, Buďte první, kdo vytvoří štítek k tomuto záznamu!
|
MARC
| LEADER | 00000cam a2200000 a 4500 | ||
|---|---|---|---|
| 001 | UCC0696 | ||
| 003 | CL-VaPUC | ||
| 008 | 170825e20150000cl |||||||||||||||||spa|d | ||
| 020 | |a 9789569412295 | ||
| 082 | 0 | 4 | |a 363.74 |b SUA |2 21 |
| 100 | 0 | |a Suárez S., Enrique |e author |9 594695 | |
| 700 | 0 | |a Cárdenas M., Jorge |e author |9 594696 | |
| 245 | 1 | 0 | |a Mapa sonoro de Valdivia |
| 250 | |a 1a. ed | ||
| 300 | |a 61 p | ||
| 942 | |c BK | ||
| 945 | |d 20170825 13:52:00 |a arojas | ||
| 260 | |a Valdivia |b Universidad Austral de Chile |c 2015 | ||
| 260 | |a Valdivia |b Ministerio del Medio Ambiente |c 2015 | ||
| 500 | |a Incluye mapa plegable | ||
| 650 | 7 | |a RUIDO AMBIENTAL |2 CL-VaPUC |9 594697 | |
| 650 | 7 | |a RUIDO URBANO |2 CL-VaPUC |9 262684 | |
| 650 | 7 | |a CONTAMINACION ACUSTICA |2 CL-VaPUC |9 262853 | |
| 651 | 0 | |a Valdivia (Chile) |9 268941 | |
| 583 | |a last modification |c 20170825 13:52:00 |k Rodrigo Vera | ||
| 999 | |c 369450 |d 369448 | ||
| 952 | |0 0 |1 0 |3 erb |4 0 |6 363_740000000000000_SUA_2015_2015 |7 0 |8 A |9 485260 |a BIBING |b BIBING |i 5418550 |o 363.74 SUA 2015 2015 |p 5418550 |r 2025-01-20 |w 2019-11-24 |y BK |z Catalogado en:20170825 |k GEO | ||